Отечественный Военно-Морской Флот (Запись № 10593936)

Подробности
000 -МАРКЕР
контрольное поле 01768nam0a2200337 4500
001 - ИДЕНТИФИКАТОР ЗАПИСИ
контрольное поле RU\NLR\BIBL_A\010301084
005 - ИДЕНТИФИКАТОР ВЕРСИИ
контрольное поле 20250614031647.0
010 ## - МЕЖДУНАРОДНЫЙ СТАНДАРТНЫЙ НОМЕР КНИГИ (ISBN)
Номер (ISBN) 978-5-93522-036-5
035 ## - ДРУГИЕ СИСТЕМНЫЕ НОМЕРА
Идентификатор записи (NLR Aleph) 010301084
100 ## - ДАННЫЕ ОБЩЕЙ ОБРАБОТКИ
Данные общей обработки 20140402d2008 |||y0rusy50 ca
101 0# - ЯЗЫК РЕСУРСА
Язык текста, звукозаписи и т.д. русский
-- английский
102 ## - СТРАНА ПУБЛИКАЦИИ ИЛИ ПРОИЗВОДСТВА
Страна публикации российская федерация
105 ## - ПОЛЕ КОДИРОВАННЫХ ДАННЫХ: ТЕКСТОВЫЕ МАТЕРИАЛЫ, МОНОГРАФИЧЕСКИЕ
Кодированные данные о монографическом текстовом документе a|||z||||00yy
200 1# - ЗАГЛАВИЕ И СВЕДЕНИЯ ОБ ОТВЕТСТВЕННОСТИ
Основное заглавие Отечественный Военно-Морской Флот
Параллельное заглавие The russian navy
Первые сведения об ответственности А.М. Васильев, Ф.Р. Сагайдаков, В.М. Антонов
Язык параллельного заглавия английский
210 ## - ПУБЛИКАЦИЯ, РАСПРОСТРАНЕНИЕ И ДР.
Место издания, распространения и т.д. Санкт-Петербург
Имя издателя, распространителя и т. д. Изд-во Александра Зимина
Дата издания, распространения и т.д. 2008
215 ## - ФИЗИЧЕСКАЯ ХАРАКТЕРИСТИКА
Специфическое обозначение материала и объем 243, [8] с.
Другие сведения о физической характеристике ил., цв. ил.
Размеры 30Х25
300 ## - ОБЩИЕ ПРИМЕЧАНИЯ
Текст примечания Авт. также на англ. яз.: A. Vasiliev, F. Sagaidakov, V. Antonov
300 ## - ОБЩИЕ ПРИМЕЧАНИЯ
Текст примечания Текст парал. на рус. и англ. яз.
320 ## - ПРИМЕЧАНИЯ О НАЛИЧИИ В ДОКУМЕНТЕ БИБЛИОГРАФИИ / УКАЗАТЕЛЯ
Текст примечания Библиогр. в конце кн. (31 назв.)
510 1# - ПАРАЛЛЕЛЬНОЕ ЗАГЛАВИЕ
Связь между полями z11790
Параллельное заглавие The russian navy
Язык заглавия английский
606 1# - НАИМЕНОВАНИЕ ТЕМЫ КАК ПРЕДМЕТ
Наименование темы Военные корабли
Формальный подзаголовок Альбомы
Тематический подзаголовок История
Географический подзаголовок Россия
Системный номер авторитетной/нормативной записи 2182348
Идентификатор авторитетной/нормативной записи RU\NLR\AUTH\6601548768
686 1# - ИНДЕКСЫ ДРУГИХ КЛАССИФИКАЦИЙ
Индекс Ц661.1г(28)я61
700 #1 - ИМЯ ЛИЦА - ПЕРВИЧНАЯ ОТВЕТСТВЕННОСТЬ
Начальный элемент ввода Васильев
Часть имени, кроме начального элемента ввода А. М.
Дополнения к именам, кроме дат канд. техн. наук, судостроение
Даты 1931-
Расширение инициалов личного имени Андрей Михайлович
Системный номер авторитетной/нормативной записи 132741
Идентификатор авторитетной/нормативной записи RU\NLR\AUTH\770132775
701 #1 - ИМЯ ЛИЦА - АЛЬТЕРНАТИВНАЯ ОТВЕТСТВЕННОСТЬ
Начальный элемент ввода Сагайдаков
Часть имени, кроме начального элемента ввода Ф. Р.
Расширение инициалов личного имени Феликс Рувимович
701 #0 - ИМЯ ЛИЦА - АЛЬТЕРНАТИВНАЯ ОТВЕТСТВЕННОСТЬ
Начальный элемент ввода Антонов
Часть имени, кроме начального элемента ввода В. М.
Дополнения к именам, кроме дат специалист в обл. судостроения, художник
Системный номер авторитетной/нормативной записи 132884
Идентификатор авторитетной/нормативной записи RU\NLR\AUTH\770132918
790 #0 - ИМЯ ЛИЦА - АЛЬТЕРНАТИВНАЯ ФОРМА
Графика поля Латинская
Материалы, к которым относится поле rus
Начальный элемент ввода Vasil'ev
Часть имени, кроме начального элемента ввода A. M.
Дополнения к именам, кроме дат канд. техн. наук, судостроение
Даты 1931-
Расширение инициалов личного имени Andrej Michajlovič
Системный номер авторитетной/нормативной записи 132752
Идентификатор авторитетной/нормативной записи RU\NLR\AUTH\770132786
942 ## - ДОПОЛНИТЕЛЬНЫЕ ЭЛЕМЕНТЫ ЗАПИСИ (АБИС)
Тип экземпляра АБИС Книга
980 ## - КОЛЛЕКЦИЯ
Название коллекции Национальная библиография
Экземпляры
Тип экземпляра Дата поступления Источник поступления Стоимость Библиотека постоянного хранения Библиотека текущего хранения Место хранения Шифр хранения Штрих-код Статус не для выдачи
Книга 02.04.2014 Покупка СТ 0.00 РНБ (Московский) РНБ (Московский) Русский книжный фонд: издания с 1957 года, 8этаж 2014-9/113 1-416726